Statistics for Top 3 Countries in I....

Click here to take the quiz!

General Stats

  • This quiz has been taken 93 times
  • The average score is 19 of 27

Answer Stats

Most...Country% Correct
United States
96%
United States
96%
ImportsUnited States
96%
United States
96%
InhabitantsChina
95%
China
95%
China
95%
India
95%
Islands*Canada
94%
Indonesia
90%
United Kingdom
89%
Italian expatsGermany
85%
Germany
85%
Germany
85%
Ice Cream consumptionAustralia
82%
Iron productionAustralia
82%
Brazil
78%
Switzerland
59%
New Zealand
53%
IlliteracyNiger
53%
Indian expatsUnited Arab Emirates
48%
Internet users per capitaIceland
47%
Luxembourg
38%
South Sudan
32%
Andorra
28%
Burkina Faso
24%
Oman
14%

Score Distribution

Percentile by Number Answered

Percent of People with Each Score

Your Score History

You have not taken this quiz